Toutes les communes du canton de Saint-Philbert-de-Grand-Lieu (44) - Statistiques

Statistiques générales
  • Ce quiz a été pris 50 fois
  • Le résultat moyen est 8 sur 12
Réponses sur la Carte
Les réponses sont colorées sur une échelle allant du rouge au vert en fonction du pourcentage des utilisateurs qui les ont devinées à leur premier essai. Vous pouvez retrouver ces pourcentages ci-dessous.
 
Statistiques - réponses
Commune % Correct
Saint-Philbert-de-Grand-Lieu
100%
La Chevrolière
83%
La Limouzinière
83%
Saint-Lumine-de-Coutais
83%
Corcoué-sur-Logne
78%
Saint-Colomban
78%
Pont-Saint-Martin
72%
Geneston
67%
Legé
61%
Le Bignon
50%
Touvois
50%
Montbert
39%
Aucun quiz correspondant
Distribution des résultats
% des personnes avec chaque résultat
Percentile par nombre de réponses
Votre historique - résultats
Vous n’avez pas pris ce quiz